Statistiche per Indovina gli album di caparezza

Clicka qui per fare il quiz!

Statistiche generali

  • Questo quiz è stato fatto 59 volte
  • Il punteggio medio è 6 su 8

Statistiche sulle risposte

HintRisposta% Corretto
Il suo ultimoExuvia
98%
Fu il terzo albumHabemus Capa
94%
2017Prisoner 709
92%
Vieni a ballare in puglia?Le dimensioni del mio caos
90%
L'album con la scopa e la parrucca?Museica
90%
Il sogno eretico
88%
L'album con piu successo in assolutoVerità supposte
85%
Ful il suo primo albumPuntointerrogativoepuntodiesclamazione
0%

Distribuzione punteggi

Percentile per numero di risposta

Percentuale di utenti per punteggio

I tuoi punteggi nel tempo

Non hai fatto questo quiz